000 00303nam a2200133Ia 4500
008 231129s1995||||xx |||||||||||||| ||spa||
040 _bspa
082 _a347 R621p
100 _aRivera Martinez Alfonso
245 0 _aPráctica forense civil
260 _c1995
264 _aLeyer
942 _2ddc
_cBKS
999 _c23106
_d23106